[Event "Regionalliga SW 0203"]
[Site "Bayern"]
[Date "2003.02.09"]
[Round "6.1"]
[White "Antemia, Paul"]
[Black "Kuehn, Manfred"]
[Result "0-1"]
[WhiteElo "2179"]
[BlackElo "2174"]
[PlyCount "64"]
[EventDate "2002.10.20"]
[EventType "team"]
[EventRounds "9"]
[EventCountry "GER"]
[SourceTitle "EXT 2004"]
[Source "ChessBase"]
[SourceDate "2003.11.25"]
[SourceVersion "1"]
[SourceVersionDate "2003.11.25"]
[SourceQuality "1"]
[WhiteTeam "Tuerkheim"]
[BlackTeam "Muenchen 77 Nord"]
[WhiteTeamCountry "GER"]
[BlackTeamCountry "GER"]

1. e4 c5 2. Nf3 e6 3. d4 cxd4 4. Nxd4 a6 5. c4 Qc7 6. Nc3 Nf6 7. Be2 b6 8. 0-0 Bb7 9. f3 Bd6 10. Kh1 Bf4 11. g3 Be5 12. Be3 h5 13. Bg1 h4 14. g4 Nc6 15. Nc2 Rc8 16. Qe1 Bf4 17. Na4 Ne5 18. Nxb6 Nxe4 19. Nxc8 Nd2 20. Nd4 Qxc8 21. b3 Qa8 22. Qd1 h3 23. a4 Nxg4 24. Ra2 Nxf1 25. Qxf1 Ne3 26. Qf2 e5 27. Nc2 Nxc2 28. Rxc2 e4 29. c5 0-0 30. Rc4 exf3 31. Bd3 Be3 32. Rh4 Bxf2 0-1